000 00395nam a2200157Ia 4500
008 230917s9999||||xx |||||||||||||| ||und||
020 _cPOU30
040 _e1053
_aMAIN
041 _aEnglish
082 _a589.9 G413N
100 _aGiller, Ken E
245 0 _aNitrogen fixation in tropical cropping systems
260 _aOxon
_bCAB International
_c1991
300 _axii, 313 p.
942 _cBK
999 _c78415
_d78415